000 01166nam a22002657a 4500
005 20080813155427.0
008 080813t xxu||||| |||| 00| 0 hin d
010 _aHIN-83920
020 _a9788120331327
_c195.00
035 _aHN-56266
037 _bDBAD
040 _aDPL
_bHN
082 _a340.1
100 _aबालकृष्ण
245 _aविधि-शास्त्र
_bएक अध्ययन /
_cबालकृष्ण एवं ब्रजकिशोर
246 _aVidhi-Shastra
_bby Bal Krishan
260 _aनई दिल्ली
_bप्रेंटिस-हाल आफ इंडिया
_c2007
270 _aM-97, connaught Circus
_bNew Delhi
_e110001
300 _axxiii,258पृ.
_c22सेमी(सजिल्द)
650 _aविधि शास्त्र
650 _aLaw
700 _aशर्मा, ब्रजकिशोर
942 _2ddc
_cHN
_h340.1
_mबालकृ
999 _c14838
_d14838